000 00547pab a2200181 454500
008 180718b2000 xxu||||| |||| 00| 0 eng d
100 _aJanaiah, A.
245 _aPoverty and income distribution in rainfed and irrigated ecosystems: village studies in Chhattisgarh
260 _c2000
300 _ap.4664-669
362 _a30 Dec
650 _aIncome distribution - India - Chhattisgarh
650 _aIncome distribution
700 _aAgarwal, A.G.
700 _aBose, Manik L.
773 _aEconomic and Political Weekly
909 _a47366
999 _c47366
_d47366